000 00355nam a2200145Ia 4500
005 20251222143316.0
008 251222s9999||||xx |||||||||||||| ||spa||
020 _a9788439721956
082 _a863/M19
100 _aMalzieu, Mathias
245 0 _aLa Mecánica del Corazón
250 _a4ta,ed.
264 _bRandom House Mondadori, S.A.
942 _cLIB
999 _c15892
_d15892